Bilecik Bilecik Bilecik Bilecik Bilecik

Ruhumun yarısı = (Record no. 7948)

MARC details
000 -BAŞLIK
Sabit Uzunluktaki Kontrol Alanı 01051nam a22003497a 4500
001 - KONTROL NUMARASI
Control Dosyası 0007973
003 - KONTROL NUMARASI KİMLİĞİ
Kontrol Alanı KOHA_MİRAKIL
005 - EN SON İŞLEM TARİHİ ve ZAMANI
Kontrol Alanı 20260207001617.0
007 - FİZİKSEL TANIM SABİT ALAN - GENEL BİLGİ
Sabit uzunluklu kontrol alanı ta
008 - SABİT UZUNLUKTAKİ VERİ ÖGELERİ - GENEL BİLGİ
Sabit Alan 091007b2007 tu |||gr||||#||||1|tur |
020 ## - ISBN - ULUSLARARASI STANDART KİTAP NUMARASI
Isbn 9789944148146
040 ## - KATALOGLAMA KAYNAĞI
Özgün Kataloglama Kurumu TR-BiSEU
Kataloglama Dili tur
Çeviri Kurumu TR-BiSEU
Açıklama Kuralları rda
041 0# - DİL KODU
Metin ya da ses kaydının dil kodu tur
044 ## - YAYINLAYAN/ÜRETEN KURULUŞUN ÜLKE KODU
ISO country code tu
050 ## - SINIFLAMA ve YER NUMARASI
Sınıflama Numarası PC3942.28.I37
Yer Numarası R54 2007
100 1# - KİŞİ ADI
Yazar Adı (Kişi adı) Riera, Carme.
240 10 - TEK BİÇİM BAŞLIK
Tekbiçim Başlık <a href="la meitat de l'ánima">la meitat de l'ánima</a>
Language of a work Türkçe
245 1# - ESER ADI BİLDİRİMİ
Başlık Ruhumun yarısı =
Alt Eseradı vb. la meitat de l'ánima/
Sorumluluk Bildirimi Carme Riera ; Carme Riera; çeviren Şevin Aksoy.
264 #1 - ÜRERİM, YAYIN, DAĞITIM ve TELİF BİLDİRİMİ
Yayın yeri İstanbul :
Yayınlayan Alkım, c2005
Yayın tarihi 2007
300 ## - FİZİKSEL TANIMLAMA
Sayfa, Cilt vb. 218 sayfa; 21 cm.
336 ## - İÇERİK TÜRÜ
Content type term metin
Content type code txt
Source rdacontent
337 ## - MEDYA TÜRÜ
Media type term aracısız
Media type code n
Source rdamedia
338 ## - TAŞIYICI TÜRÜ
Carrier type term cilt
Carrier type code nc
Source rdacarrier
490 1# - DİZİ BİLDİRİMİ
Dizi Bildirimi Alkım ;
Cilt Numarası 208.
490 1# - DİZİ BİLDİRİMİ
Dizi Bildirimi Roman ;
Cilt Numarası 50
500 ## - GENEL NOT
Genel Not Eser, "2003 Sant Jordi" ödülü kazanmıştır
650 #0 - KONU BAŞLIĞI EK GİRİŞ - KONU TERİMİ
Konusal terim veya coğrafi ad Fransızca edebiyat.
9 (RLIN) 19760
650 #0 - KONU BAŞLIĞI EK GİRİŞ - KONU TERİMİ
Konusal terim veya coğrafi ad Provans ve Katalan.
9 (RLIN) 19761
830 1# - SERİ EK GİRİŞİ - TEKBİÇİM ESER ADI
Tekbiçim Başlık Alkım ;
Volume number/sequential designation 208.
9 (RLIN) 8425
830 1# - SERİ EK GİRİŞİ - TEKBİÇİM ESER ADI
Tekbiçim Başlık Roman ;
Volume number/sequential designation 50
9 (RLIN) 16586
942 ## - EK GİRİŞ ÖGELERİ (KOHA)
Source of classification or shelving scheme Library of Congress Classification
Koha item type Book
Holdings
Materyal Türü Kalıcı Konum Mevcut Konum Raf Yeri Sınıflandırma Kaynağı Edinim Bilgisi Ana Konular Alt Konular Yer Numarası Demirbaş Numarası Fatura Tarihi Maliyet, Alış Fiyatı Maliyet, Yenileme Fiyatı Geri Çekilme Durumu Kayıp Durumu Hasarlı Durumu Kredi için değil Kayıt Tarih Toplam Ödünçverme Son Görülme Tarihi Son Kontrol Tarihi Genel / Bağış Notu
Book Prof. Dr. Azmi Özcan Kütüphanesi Prof. Dr. Azmi Özcan Kütüphanesi Birûni Salonu Library of Congress Classification Bağış DİL VE EDEBİYAT Roman Dilleri PC3942.28.I37 R54 2007 0007973 13/08/2010 12.00 12.00         07/10/2009 7 05/12/2024 05/12/2024 Genel Bağış